Statistics for WWE One Minute Quiz: Dolph Ziggler

Click here to take the quiz!

General Stats

  • This quiz has been taken 546 times
  • The average score is 4 of 6

Answer Stats

QuestionAnswer% Correct
How Many Money in The Bank Matches Has Dolph Won?One
87%
How Many Times Has He Attempted to Cash it in?Two
85%
What Championship has Dolph Won The Most Times?Intercontinental
71%
What Team Was Dolph a Part of in His Early Career?The Spirit Squad
69%
The Least?United States
53%
What is Dolph Ziggler's Real Name?Nick Nemeth
43%

Score Distribution

Percentile by Number Answered

Percent of People with Each Score

Your Score History

You have not taken this quiz